000 00564nam a22001697a 4500
999 _c62305
_d62305
005 20240920155103.0
008 240920s2023 enk||||| |||| 00| 0 eng d
020 _a9783031194030x
041 _aeng
080 _a557.2 V-85
100 _aVologodskii, Alexander
_923261
245 _aThe Basics of Molecular Biology /
_c Alexander Vologodskii.
264 _aNew York :
_bSpringer,
_c2023.
300 _a184 p.:
_bill.;
_c24 cm.
653 _aმოლეკულური ბიოლოგიის საფუძვლები
942 _2udc
_cᲬᲘᲒᲜᲘ